|
|
|
|
| LEADER |
02265nam a2200493 a 4500 |
| 001 |
nkc20061699609 |
| 003 |
CZ PrNK |
| 005 |
20070522134354.0 |
| 007 |
ta |
| 008 |
061128s2006 xr a e p 000 0 cze |
| 015 |
|
|
|a cnb001699609
|
| 020 |
|
|
|a 80-7204-452-4
|q (brož.)
|
| 040 |
|
|
|a BOA001
|b cze
|d ABA001
|
| 072 |
|
7 |
|a 517
|x Matematická analýza
|2 Konspekt
|9 13
|
| 072 |
|
7 |
|a 37.016
|x Učební osnovy. Vyučovací předměty. Učebnice
|2 Konspekt
|9 22
|
| 080 |
|
|
|a 517.3
|2 MRF
|
| 080 |
|
|
|a (075.8)
|2 MRF
|
| 100 |
1 |
|
|a Daněček, Josef,
|d 1946-
|7 mzk2003171539
|4 aut
|
| 245 |
1 |
0 |
|a Matematika II :
|b studijní opory pro studijní programy s kombinovanou formou studia.
|n Modul 2,
|p Křivkové integrály /
|c [Josef Daněček, Oldřich Dlouhý, Oto Přibyl]
|
| 246 |
3 |
0 |
|a Křivkové integrály
|
| 250 |
|
|
|a Vyd. 1.
|
| 260 |
|
|
|a Brno :
|b Akademické nakladatelství CERM,
|c 2006
|
| 300 |
|
|
|a 30 s. :
|b il. ;
|c 30 cm
|
| 490 |
1 |
|
|a Učební texty vysokých škol
|
| 500 |
|
|
|a Nad názvem: Vysoké učení technické v Brně, Fakulta stavební
|
| 504 |
|
|
|a Obsahuje bibliografii
|
| 650 |
0 |
7 |
|a křivkový integrál
|7 ph122154
|2 czenas
|
| 650 |
0 |
9 |
|a curve integral
|2 eczenas
|
| 655 |
|
7 |
|a učebnice vysokých škol
|7 fd133772
|2 czenas
|
| 655 |
|
9 |
|a textbooks (higher)
|2 eczenas
|
| 700 |
1 |
|
|a Dlouhý, Oldřich,
|d 1946-
|7 mzk2003171540
|4 aut
|
| 700 |
1 |
|
|a Přibyl, Oto,
|d 1977-
|7 mzk2002160737
|4 aut
|
| 710 |
2 |
|
|a Vysoké učení technické v Brně.
|b Stavební fakulta
|7 kn20010709423
|
| 810 |
2 |
|
|a Vysoké učení technické v Brně.
|t Učební texty vysokých škol
|0 s
|
| 856 |
4 |
1 |
|u http://www.digitalniknihovna.cz/mzk/uuid/uuid:cfbf4a50-3af8-11e7-ad2f-005056827e51
|y Digitalizovaný dokument
|x NDK
|
| 910 |
2 |
|
|a BOA001
|b 3-1172.738,2
|
| 928 |
9 |
|
|a CERM
|
| 990 |
|
|
|a BK
|
| 995 |
|
|
|a 01
|
| 991 |
|
|
|b 200612
|c NOV
|
| 996 |
6 |
|
|b 2610295201
|c 3-1172.738,2
|l MZK
|r Sklad / do 1 hodiny
|n 0
|p p.v.
|w 000833936
|u 000010
|a 1
|e BOA001
|j MZK50
|s P
|
| 996 |
7 |
|
|b 2610295202
|c 3-1172.738,2
|l MZK
|r Sklad / do 1 hodiny
|n 18
|p p.v.
|w 000833936
|u 000020
|a 1
|e BOA001
|j MZK50
|s A
|
| 996 |
7 |
|
|b 2610302511
|c 3-1172.738,2
|l MZK
|r Sklad / do 1 hodiny
|n 6
|p kup
|w 000833936
|u 000030
|a 1
|e BOA001
|j MZK50
|s A
|
| 996 |
7 |
|
|b 2610302512
|c 3-1172.738,2
|l MZK
|r Sklad / do 1 hodiny
|n 3
|p kup
|w 000833936
|u 000040
|a 1
|e BOA001
|j MZK50
|s A
|